01205 a2200169 45000010006000000050017000060080041000230030015000640400040000790800117001192450031002362500012002672640041002793000019003205050668003391000028010075477720260407155823.0260407a1964 arg spa dAR-UNSa-BCEJYS aAR-UNSa-BCEJYSbspacAR-UNSa-BCEJYS a316.42xCambio social en sociedades globales. Desarrollo social. Sociología del desarrollo (Desarrollo Humano)10aLa rebelión de las masas a38a.ed. 1aMadrid :bRevista de Occidentec1964 a370 p.c18 cm. a1. El hecho de las aglomeraciones – 2. La subida del nivel histórico – 3. La altura de los tiempos – 4. El crecimiento de la vida – 5. Un dato estadístico – 6. Comienza la disección del hombre-masa – 7. Vida noble y vida vulgar, o esfuerzo inercia – 8. Por qué las masas intervienen en todo y por qué solo intervienen en todo y por qué solo intervienen violentamente – 9. Primitivismo y técnica – 10. Primitivismo e historia – 11. La época del señorito satisfecho – 12. La barbarie del especialísimo – 13. El mayor peligro el Estado – 14. ¿Quién manda en el mundo? – 15. Se desemboca en la verdadera cuestión. 1 aOrtega y Gasset, José